| 000 | 00778cam a22001814a 4500 | ||
|---|---|---|---|
| 005 | 20250605164349.0 | ||
| 008 | 250528s ||||||||||||||||||||||||d | ||
| 035 | _a24057 | ||
| 040 |
_aGR-AtMCL _bgre _dGR-AtMCL _eAACR2 |
||
| 245 | 1 | _aBreaking Barriers / Renishaw's Neurosurgical Tech Plays Pivotal Role in Parkinson's Drug Trial | |
| 260 | _c2019 | ||
| 300 | _a50 | ||
| 520 | _aBreaking Barriers, Virtual Surgery Phyiscal Benefits, TCT Awards, Amug 2019: The Big Launches, Scan and Do, The Coracles of Ironbridge, Building Bridges, Creating Community, Architecture Begins Where Engineering Ends, TCT Asia 2019: Upping the Ante, Rapid and TCT: The Keynotes, The World of the Day. | ||
| 700 | 1 |
_aGriffiths Laura _99377 |
|
| 942 | _cCR | ||
| 999 |
_c8957 _d8957 |
||